| 000 | 00566nam a2200181Ia 4500 | ||
|---|---|---|---|
| 003 | GCL | ||
| 008 | 140319s9999 xx 000 0 ara d | ||
| 040 |
_aGCL / _cGCL |
||
| 082 | 0 | 4 |
_a240 _bع ل |
| 100 | 1 | _aعبدالغنى عبدالرحمن محمد | |
| 245 | 1 | 0 |
_aاللسان بين السعادة والشقاء / _cعبدالغنى عبدالرحمن محمد |
| 260 |
_a[S.N] : _bالاندلس للاعلام ، _c1990 |
||
| 300 | _a156 ص | ||
| 490 | _a | ||
| 650 | 0 | 4 | _aالعقائد الاسلامية |
| 650 | 0 | 4 | _aالعقائد |
| 942 |
_2ddc _cBK |
||
| 999 |
_c32698 _d32698 |
||